[Event "SR 4. liga A21 2010/2011"]
[Site "?"]
[Date "2010.11.07"]
[Round "3.3"]
[White "Vogl, Zdenek"]
[Black "Dedacek, Miroslav"]
[Result "0-1"]
[WhiteElo "1863"]
[BlackElo "1595"]
[PlyCount "72"]
[EventDate "2010.??.??"]

1. e4 e5 2. Nf3 Nc6 3. Bb5 d6 4. d4 exd4 5. Nxd4 Bd7 6. Nxc6 Bxc6 7. Bxc6+ bxc6
8. b3 Be7 9. Bb2 Bf6 10. c3 Ne7 11. O-O O-O 12. Nd2 Re8 13. Qc2 Ng6 14. f4 Qd7
15. Rae1 Qg4 16. g3 h5 17. Qd1 Qxd1 18. Rxd1 Nf8 19. Rde1 Nd7 20. b4 a5 21. a3
axb4 22. axb4 Ra2 23. Rb1 Nb6 24. e5 dxe5 25. Rfe1 Kf8 26. Nf3 exf4 27. Rxe8+
Kxe8 28. gxf4 Na4 29. Re1+ Kf8 30. Bc1 Bxc3 31. Rd1 Bxb4 32. Ne5 Bd6 33. Be3
Nc3 34. Re1 Re2 35. Rxe2 Nxe2+ 36. Kf2 Bxe5 0-1

[Event "SR 4. liga A21 2010/2011"]
[Site "?"]
[Date "2010.11.07"]
[Round "3.4"]
[White "Danihel, Jozef"]
[Black "Piestansky, Jan"]
[Result "0-1"]
[WhiteElo "1552"]
[BlackElo "1587"]
[PlyCount "58"]
[EventDate "2010.??.??"]

1. e4 e5 2. Nf3 d6 3. d4 exd4 4. Nxd4 h6 5. Bd3 Nf6 6. h3 Be7 7. Be3 Bd7 8. Nc3
a6 9. a4 Nc6 10. Nxc6 Bxc6 11. O-O O-O 12. Re1 Re8 13. Bf4 Qd7 14. Qd2 Bf8 15.
Re3 Rad8 16. Rae1 Nh5 17. Bh2 Be7 18. Qe2 g6 19. f4 Ng7 20. b4 Bxa4 21. e5 dxe5
22. Rxe5 Bxb4 23. Nd5 Qd6 24. f5 Rxe5 25. Qxe5 Qxd5 26. Qxc7 Bxe1 27. fxg6 Be8
28. Bc4 Bf2+ 29. Kh1 Qd1+ 0-1

[Event "SR 4. liga A21 2010/2011"]
[Site "?"]
[Date "2010.11.07"]
[Round "3.4"]
[White "Piestansky, Dusan"]
[Black "Bartos, Bohumil"]
[Result "1-0"]
[WhiteElo "1442"]
[BlackElo "1574"]
[PlyCount "37"]
[EventDate "2010.??.??"]

1. e4 c5 2. Bc4 e6 3. Qe2 Nc6 4. c3 Nge7 5. Na3 a6 6. d3 b5 7. Bb3 Na5 8. c4
bxc4 9. Nxc4 Nxc4 10. Bxc4 Nc6 11. Nf3 Be7 12. O-O Bb7 13. Bf4 Bf6 14. Qe3 Be7
15. Ne5 Nxe5 16. Bxe5 d5 17. Bb3 Bg5 18. Qxc5 Rc8 19. Ba4+ 1-0

[Event "SR 4. liga A21 2010/2011"]
[Site "?"]
[Date "2010.11.07"]
[Round "3.4"]
[White "Pripko, Bystrik"]
[Black "Planka, Peter"]
[Result "1-0"]
[WhiteElo "1607"]
[BlackElo "1798"]
[PlyCount "105"]
[EventDate "2010.??.??"]

1. e4 e5 2. Nf3 Nc6 3. Bc4 Nf6 4. Nc3 Be7 5. d3 d6 6. h3 Na5 7. Bb3 Nxb3 8.
axb3 O-O 9. O-O c6 10. Be3 a6 11. Na4 b5 12. Nb6 Rb8 13. Nxc8 Qxc8 14. b4 Nd7
15. Bg5 f6 16. Bd2 f5 17. exf5 Rxf5 18. Nh2 Rf7 19. Nf3 Qb7 20. Bg5 Nf6 21. c3
Rbf8 22. Be3 Qc8 23. Ng5 Nd5 24. Nxf7 Rxf7 25. Qe2 Rf6 26. Qg4 Qxg4 27. hxg4 c5
28. bxc5 dxc5 29. Bg5 Re6 30. Bxe7 Nxe7 31. f3 Nd5 32. Rfe1 Kf7 33. Kf2 Nf4 34.
Red1 Rd6 35. g3 Ne6 36. Ke3 Kf6 37. f4 h6 38. Rf1 Nc7 39. fxe5+ Kxe5 40. Rf5+
Ke6 41. Ke4 Nd5 42. Re5+ Kf6 43. Rxd5 Re6+ 44. Kf4 g5+ 45. Kf3 c4 46. d4 Kg6
47. Re5 Rf6+ 48. Ke3 h5 49. d5 h4 50. Re6 h3 51. Rxf6+ Kxf6 52. Rxa6+ Ke5 53.
Rh6 1-0

[Event "SR 4. liga A21 2010/2011"]
[Site "?"]
[Date "2010.11.07"]
[Round "3.4"]
[White "Slaby, Jozef"]
[Black "Kubis, Ivan"]
[Result "0-1"]
[WhiteElo "1865"]
[BlackElo "1980"]
[PlyCount "92"]
[EventDate "2010.??.??"]

1. d4 Nf6 2. c4 e6 3. Nf3 b6 4. e3 Bb7 5. Bd3 c5 6. Qe2 d5 7. cxd5 exd5 8. Bb5+
Nbd7 9. Ba6 Qc8 10. Bxb7 Qxb7 11. Nc3 Be7 12. Bd2 O-O 13. O-O Rfe8 14. Qd1 Bf8
15. Rc1 c4 16. Ne2 b5 17. Ng3 a5 18. Nf5 g6 19. Ng3 b4 20. Ng5 h6 21. Nh3 a4
22. Nf4 Ra6 23. Qf3 Ne4 24. Nxe4 Rxe4 25. Qd1 Nf6 26. f3 Re8 27. Rf2 a3 28.
bxa3 Rxa3 29. Rc2 Qa6 30. Bc1 Ra5 31. Qe2 Bd6 32. g3 b3 33. axb3 g5 34. Nh3
cxb3 35. Qxa6 Rxa6 36. Rb2 Rc8 37. Rb1 Ra2 38. e4 dxe4 39. Be3 Rc3 40. Bc1 exf3
41. Bxg5 hxg5 42. Nxg5 Rxf2 43. Kxf2 Ng4+ 44. Ke1 Re3+ 45. Kf1 Nxh2+ 46. Kg1
Bxg3 0-1

[Event "SR 4. liga A21 2010/2011"]
[Site "?"]
[Date "2010.11.07"]
[Round "3.4"]
[White "Vach, Jozef"]
[Black "Vagovic, Milan"]
[Result "1-0"]
[WhiteElo "1900"]
[BlackElo "1667"]
[PlyCount "95"]
[EventDate "2010.??.??"]

1. e4 e5 2. Nf3 Nc6 3. Bb5 a6 4. Ba4 b5 5. Bb3 h6 6. O-O Nf6 7. c3 d6 8. d4 Be7
9. Re1 O-O 10. Nbd2 Re8 11. Nf1 Bg4 12. Bc2 Rc8 13. Be3 Na5 14. b3 Nb7 15. Ng3
c5 16. d5 a5 17. h3 Bd7 18. c4 a4 19. Qd3 b4 20. bxa4 Ra8 21. Nf5 Kh7 22. g4
Bxa4 23. g5 Bxc2 24. Qxc2 Nh5 25. gxh6 g6 26. Nxe7 Qxe7 27. Ng5+ Kh8 28. Qe2
Na5 29. Kh2 Nf6 30. Rg1 Rg8 31. Rac1 Nd7 32. Qf3 Raf8 33. Qe2 Nb6 34. f4 Na4
35. Bd2 Nb7 36. Rcf1 Nb6 37. f5 gxf5 38. Rxf5 Na5 39. Qh5 f6 40. Ne6 Rf7 41.
Rg7 Naxc4 42. Qg6 Rgxg7 43. hxg7+ Rxg7 44. Nxg7 Qxg7 45. Qe8+ Qg8 46. Rh5+ Kg7
47. Bh6+ Kh7 48. Bf8# 1-0

[Event "SR 4. liga A21 2010/2011"]
[Site "?"]
[Date "2010.11.07"]
[Round "3.5"]
[White "Bjel, Lubos"]
[Black "Sedlak, Rastislav"]
[Result "0-1"]
[WhiteElo "1665"]
[BlackElo "1560"]
[PlyCount "101"]
[EventDate "2010.??.??"]
[TimeControl "240+2"]

1. e4 c5 2. Nc3 Nc6 3. d3 Nf6 4. f4 e6 5. Nf3 d6 6. Be2 Bd7 7. O-O Be7 8. b3
Qb6 9. Na4 Qc7 10. Bb2 b5 11. Nc3 a6 12. a4 b4 13. Nb1 a5 14. Nbd2 h6 15. e5
Nd5 16. exd6 Bxd6 17. Nc4 Bxf4 18. Bxg7 Rh7 19. Bb2 O-O-O 20. d4 Ne3 21. Nxe3
Bxe3+ 22. Kh1 cxd4 23. Ba6+ Kb8 24. Qd3 f5 25. Bxd4 Bxd4 26. Nxd4 Nxd4 27. Qxd4
Bb5 28. Qxd8+ Qxd8 29. Bxb5 Rc7 30. Bc4 Qf6 31. Rae1 e5 32. Bd3 f4 33. Re3 Rg7
34. Re2 h5 35. Be4 h4 36. Rd1 Kc7 37. Rd5 Rd7 38. Red2 Rxd5 39. Rxd5 Kb6 40.
Rb5+ Ka6 41. Bd3 Ka7 42. Rxa5+ Kb8 43. Rb5+ Kc7 44. Rxb4 e4 45. Bf1 e3 46. Re4
Kb6 47. a5+ Ka7 48. c3 f3 49. Rd4 e2 50. Kg1 f2+ 51. Kh1 0-1

[Event "SR 4. liga A21 2010/2011"]
[Site "?"]
[Date "2010.11.07"]
[Round "3.5"]
[White "Lajda, Dusan"]
[Black "Gubis, Vladimir"]
[Result "1/2-1/2"]
[WhiteElo "1890"]
[BlackElo "1795"]
[PlyCount "50"]
[EventDate "2010.??.??"]
[TimeControl "240+2"]

1. e4 e6 2. d4 d5 3. Nc3 Bb4 4. e5 c5 5. a3 Bxc3+ 6. bxc3 cxd4 7. cxd4 Nc6 8.
c3 Bd7 9. Bd3 Na5 10. Ne2 Rc8 11. O-O g6 12. Rb1 h5 13. Qc2 Ne7 14. Bg5 Rg8 15.
Bf6 Qc7 16. Rfc1 Nc4 17. Bxc4 dxc4 18. Ng3 Bc6 19. Qe2 Bd5 20. Ne4 Bxe4 21.
Qxe4 Nd5 22. Qf3 Qd7 23. a4 b6 24. Bg5 a6 25. Ra1 Qc7 1/2-1/2

[Event "SR 4. liga A21 2010/2011"]
[Site "?"]
[Date "2010.11.07"]
[Round "3.5"]
[White "Nedorost, Lubomir"]
[Black "Bjel, Tomas"]
[Result "1-0"]
[WhiteElo "1601"]
[BlackElo "1743"]
[PlyCount "129"]
[EventDate "2010.??.??"]
[TimeControl "240+2"]

1. e4 e5 2. Nc3 Bc5 3. Bc4 Nf6 4. d3 c6 5. f4 d5 6. exd5 cxd5 7. Bb5+ Bd7 8.
fxe5 Qe7 9. Qe2 Ng4 10. Qxg4 d4 11. Bxd7+ Nxd7 12. Qxg7 O-O-O 13. Bg5 f6 14.
Qxe7 Bxe7 15. exf6 Bxf6 16. Ne4 Bxg5 17. Nxg5 Rhg8 18. Nf7 Rde8+ 19. Ne2 Re6
20. Kd2 Rxg2 21. Rae1 h6 22. Kd1 Rf2 23. Rhf1 Rexe2 24. Rxf2 Rxf2 25. Nxh6 Rxh2
26. Nf5 Nc5 27. Nxd4 Na4 28. Kc1 a6 29. b3 Nc5 30. Re8+ Kc7 31. Re5 Kd6 32. Re2
Rh1+ 33. Kb2 Kd5 34. Nf5 Kc6 35. a3 Rf1 36. Ne7+ Kd6 37. d4 Nd7 38. c4 b6 39.
b4 Rf3 40. d5 Ne5 41. Nc8+ Kc7 42. Rxe5 Kxc8 43. Re2 Kc7 44. Rc2 Kd6 45. Rc3
Rf1 46. Re3 Rd1 47. Re6+ Kc7 48. Rc6+ Kb7 49. a4 Rd2+ 50. Kc3 Rd1 51. a5 b5 52.
Rb6+ Ka7 53. cxb5 Rxd5 54. Rxa6+ Kb7 55. Kc4 Rd1 56. Rh6 Rc1+ 57. Kb3 Ka7 58.
Rh7+ Ka8 59. b6 Rc6 60. Ka4 Kb8 61. Kb5 Rc8 62. a6 Rf8 63. Ka5 Re8 64. b5 Rc8
65. a7+ 1-0

[Event "SR 4. liga A21 2010/2011"]
[Site "?"]
[Date "2010.11.07"]
[Round "3.5"]
[White "Nemsak, Denis"]
[Black "Smrek, Peter"]
[Result "1/2-1/2"]
[WhiteElo "1791"]
[BlackElo "1882"]
[PlyCount "97"]
[EventDate "2010.??.??"]
[TimeControl "240+2"]

1. c4 e5 2. Nc3 Nc6 3. Nf3 g6 4. g3 Bg7 5. Bg2 Nge7 6. O-O O-O 7. a3 a5 8. d3
Nd4 9. e3 Nxf3+ 10. Bxf3 c6 11. Qb3 d6 12. Bg2 Qc7 13. Bd2 Be6 14. Rac1 Rab8
15. Qa4 f5 16. f4 Rfc8 17. Ne2 b6 18. Bc3 b5 19. cxb5 cxb5 20. Qxa5 Qxa5 21.
Bxa5 Nd5 22. Bxd5 Bxd5 23. Bb4 exf4 24. Nxf4 Ba2 25. d4 Bc4 26. Rfe1 d5 27. Rc3
Re8 28. b3 {?} Bxd4 29. bxc4 Bxc3 30. Bxc3 dxc4 31. Nd5 Red8 32. Nb4 {??} Ra8
33. Ra1 Ra4 34. Kf2 Rda8 35. Nc2 Rd8 36. Bd4 c3 37. Rb1 Rd5 38. Nb4 Rd7 39. Nc2
Rd5 40. Ke2 g5 41. Kd3 f4 42. gxf4 gxf4 43. exf4 Rh5 44. Rg1+ Kf7 45. Rg2 Ke6
46. Ke4 Rc4 47. Rf2 Rh4 48. Re2 h5 49. Kf3+ 1/2-1/2

[Event "SR 4. liga A21 2010/2011"]
[Site "?"]
[Date "2010.11.07"]
[Round "3.5"]
[White "Ochotnicky, Eduard"]
[Black "Tomasovic, Martin"]
[Result "1/2-1/2"]
[WhiteElo "1508"]
[BlackElo "1474"]
[PlyCount "92"]
[EventDate "2010.??.??"]
[TimeControl "240+2"]

1. e4 e5 2. Nf3 Nc6 3. Bb5 a6 4. Bc4 Bc5 5. d3 Nf6 6. Nc3 h6 7. O-O O-O 8. Nd5
d6 9. Qe2 Nxd5 10. Bxd5 Ne7 11. Bb3 Ng6 12. g3 Bg4 13. Kg2 Qd7 14. Rh1 Nf4+ {??
} 15. Bxf4 exf4 16. h3 Bxf3+ 17. Qxf3 fxg3 18. fxg3 Kh8 19. g4 Qe7 20. h4 f6
21. Qf5 Qe5 22. c3 Qxf5 23. exf5 Rae8 24. Rae1 b5 25. d4 Bb6 26. Bd5 b4 27. Re6
bxc3 28. bxc3 Rb8 29. Bc6 Ba5 30. c4 Rb2+ 31. Kf3 Rxa2 32. Rb1 Rc2 33. Re8 Rxe8
34. Bxe8 Bb6 35. Re1 Rc3+ 36. Kg2 Bxd4 37. Re7 Re3 38. Rxe3 Bxe3 39. Kf3 Bc5
40. Ke4 Kg8 41. Kd5 Kf8 42. Ba4 Ke7 43. Kc6 Bb6 44. Kd5 Kf7 45. h5 Ke7 46. Kc6
Kd8 1/2-1/2

[Event "SR 4. liga A21 2010/2011"]
[Site "?"]
[Date "2010.11.07"]
[Round "3.6"]
[White "Diviak, Rudolf"]
[Black "Spacek, Marcel"]
[Result "1-0"]
[WhiteElo "1887"]
[BlackElo "1724"]
[PlyCount "57"]
[EventDate "2010.??.??"]

1. b4 e5 2. Bb2 f6 3. b5 d5 4. e3 Nh6 5. c4 Be6 6. Qc2 Nf7 7. Nf3 c6 8. a4 a6
9. Be2 axb5 10. axb5 Rxa1 11. Bxa1 Nd6 12. cxd5 cxd5 13. O-O Be7 14. Nc3 b6 15.
Qb3 Nb7 16. Qc2 O-O 17. Rc1 Nc5 18. d4 e4 19. Nd2 Nb7 20. Na4 Bd6 21. Nxe4 dxe4
22. Qxe4 Bb3 23. Qxb7 Bxa4 24. Bc4+ Kh8 25. Qa7 Bxh2+ 26. Kxh2 Qd6+ 27. Kg1 Qa3
28. Rb1 h6 29. Bb3 1-0

[Event "SR 4. liga A21 2010/2011"]
[Site "?"]
[Date "2010.11.07"]
[Round "3.6"]
[White "Nemeckay, Rastislav"]
[Black "Sadlon, Juraj"]
[Result "1-0"]
[WhiteElo "1770"]
[BlackElo "1873"]
[PlyCount "69"]
[EventDate "2010.??.??"]

1. e4 e5 2. Nc3 Nc6 3. Bc4 Bc5 4. Qg4 Kf8 5. Qg3 Nf6 6. d3 Nd4 7. Bb3 d6 8. Bg5
Be6 9. O-O-O Nxb3+ 10. cxb3 h6 11. Be3 c6 12. Bxc5 dxc5 13. Qxe5 Qe7 14. f3 Kg8
15. Nge2 Kh7 16. d4 cxd4 17. Nxd4 Rhd8 18. Rd2 Rd7 19. Rhd1 Rad8 20. Na4 c5 21.
Nxe6 fxe6 22. Rxd7 Rxd7 23. Rxd7 Nxd7 24. Qf4 e5 25. Qd2 b6 26. Nc3 Nf8 27. f4
Ne6 28. fxe5 Nd4 29. Qf4 b5 30. Kb1 b4 31. Nd5 Qe6 32. Ne3 Qa6 33. Nc4 Qg6 34.
g4 Ne2 35. Qf5 1-0

[Event "SR 4. liga A21 2010/2011"]
[Site "?"]
[Date "2010.11.07"]
[Round "3.6"]
[White "Pericka, Pavol"]
[Black "Nemeckayova, Monika"]
[Result "1-0"]
[WhiteElo "1729"]
[BlackElo "1808"]
[PlyCount "69"]
[EventDate "2010.??.??"]

1. e4 c5 2. Bc4 Nc6 3. Nf3 g6 4. c3 Bg7 5. O-O e6 6. d4 cxd4 7. cxd4 Nge7 8.
Be3 d5 9. exd5 Nxd5 10. Nc3 Nce7 11. Re1 O-O 12. Bg5 Qd6 13. Nb5 Qd7 14. Ne5
Qe8 15. Bxe7 Qxe7 16. Bxd5 exd5 17. Nxg6 Qd7 18. Nxf8 Qxb5 19. a4 Qb4 20. Nxh7
Kxh7 21. Qh5+ Kg8 22. Re8+ Bf8 23. Rxc8 Qxb2 24. Rf1 Rxc8 25. Qg4+ Kh7 26. Qxc8
Bg7 27. Qf5+ Kg8 28. Qxd5 Bxd4 29. Qg5+ Kf8 30. Qh6+ Kg8 31. Qd6 Qd2 32. Qb8+
Kg7 33. Qxb7 Qa5 34. Qb5 Qd2 35. h3 1-0

[Event "SR 4. liga A21 2010/2011"]
[Site "?"]
[Date "2010.11.07"]
[Round "3.6"]
[White "Sadlon, Matus"]
[Black "Ocko, Martin"]
[Result "0-1"]
[WhiteElo "1419"]
[BlackElo "1502"]
[PlyCount "78"]
[EventDate "2010.??.??"]

1. e4 e5 2. Nf3 Nc6 3. Bc4 Bc5 4. c3 Nf6 5. O-O O-O 6. d3 d6 7. h3 Be6 8. Bxe6
fxe6 9. Qb3 Qd7 10. Re1 Bb6 11. Ng5 Rae8 12. Be3 h6 13. Nf3 Nh5 14. Bxb6 axb6
15. Qd1 Nf4 16. Na3 Qf7 17. Re3 Qg6 18. Nh4 Qf6 19. Nf3 Ne7 20. Kh2 Neg6 21. g3
Nh5 22. Qh1 Qe7 23. Qg2 Rf6 24. Nc4 Ref8 25. Rf1 Qf7 26. Ncd2 d5 27. d4 dxe4
28. Nxe4 Rxf3 29. Rxf3 Qxf3 30. g4 Qxg2+ 31. Kxg2 Nhf4+ 32. Kh2 exd4 33. cxd4
Nd3 34. Kg2 Nh4+ 35. Kg3 g5 36. Rd1 Rf3+ 37. Kh2 Nxf2 38. Nxf2 Rxf2+ 39. Kg3
Rg2# 0-1

[Event "SR 4. liga A21 2010/2011"]
[Site "?"]
[Date "2010.11.07"]
[Round "3.6"]
[White "Spacek, Oliver"]
[Black "Jozefek, Michal"]
[Result "1/2-1/2"]
[WhiteElo "1887"]
[BlackElo "1899"]
[PlyCount "86"]
[EventDate "2010.??.??"]

1. d4 Nf6 2. c4 e6 3. g3 Bb4+ 4. Nd2 c5 5. dxc5 Bxc5 6. Bg2 O-O 7. e3 Nc6 8.
Ngf3 d6 9. O-O e5 10. Nb3 Bb6 11. Qc2 Qe7 12. Bd2 Bg4 13. h3 Bd7 14. Rac1 Rac8
15. Rfd1 d5 16. c5 Bc7 17. Bc3 Rfd8 18. Nh4 Qe6 19. f4 exf4 20. exf4 Qe3+ 21.
Qf2 Qxf2+ 22. Kxf2 Ne4+ 23. Bxe4 dxe4 24. Ke3 Bxh3 25. Nd4 Nxd4 26. Rxd4 Rxd4
27. Bxd4 g5 28. Rh1 Be6 29. Ng2 f5 30. a3 Bf7 31. b4 Be8 32. Bf6 gxf4+ 33. Nxf4
Bxf4+ 34. gxf4 Rc6 35. Be5 Rg6 36. Kd4 Bf7 37. Bb8 Rg3 38. Bxa7 Rxa3 39. Bb6
Rb3 40. Ba5 Rd3+ 41. Ke5 Rd5+ 42. Kf6 Bg6 43. Ke6 Rd3 1/2-1/2

[Event "SR 4. liga A21 2010/2011"]
[Site "?"]
[Date "2010.11.21"]
[Round "4.1"]
[White "Brisudova, Veronika"]
[Black "Hecko, Dusan"]
[Result "1-0"]
[WhiteElo "1797"]
[BlackElo "2118"]
[Annotator "Fritz 12 (20s)"]
[PlyCount "66"]
[EventDate "2010.??.??"]

{B07: Pirc Defence: Miscellaneous Systems} 1. e4 c6 2. d4 g6 3. Nc3 Bg7 4. g3
d6 5. Bg2 Nf6 6. Nge2 O-O 7. O-O Nbd7 8. Bg5 {N} (8. a4 Rb8) 8... h6 9. Bd2 e5
10. Qc1 Kh7 11. Nd1 exd4 $17 12. Nxd4 d5 (12... Nxe4 $5 13. Bxe4 Bxd4 14. Bxh6
Re8 $17) 13. exd5 $11 Nxd5 14. c3 Nc5 (14... Ne5 15. Ne3 $11) 15. Ne3 $14 Ne6
16. Nf3 Nxe3 17. Bxe3 Qc7 18. Qc2 Bd7 19. Rad1 Rad8 20. Rfe1 c5 21. h4 h5 22.
Ng5+ Nxg5 23. Bxg5 Rde8 24. Bf4 Qc8 25. Bf3 Bg4 26. Bxg4 hxg4 27. h5 Rxe1+ $14
28. Rxe1 Re8 29. hxg6+ fxg6 30. Rd1 Re6 31. Qd3 c4 $2 (31... Qc6 $5 $11) 32.
Qd5 a6 $16 33. Kg2 Re2 $4 (33... b5 $14) 1-0

[Event "SR 4. liga A21 2010/2011"]
[Site "?"]
[Date "2010.11.21"]
[Round "4.1"]
[White "Danada, Tomas"]
[Black "Berger, Patrik"]
[Result "1-0"]
[WhiteElo "1856"]
[BlackElo "1720"]
[PlyCount "159"]
[EventDate "2010.??.??"]
[TimeControl "240+2"]

{393MB, Fritz10.ctg} 1. Nf3 Nf6 2. c4 g6 3. Nc3 Bg7 4. e4 d6 5. Be2 O-O 6. O-O
Nc6 7. d4 e5 8. d5 Ne7 9. Ne1 Ne8 10. Nd3 f5 11. f3 f4 12. g4 fxg3 13. hxg3 Nf6
14. Kg2 Bd7 15. Be3 Rf7 16. b4 Nc8 17. Qb3 Nh5 18. Rh1 Qf6 19. Rac1 Ne7 20. c5
Rff8 21. a4 a6 22. a5 Kh8 23. Nb2 Rac8 24. Nc4 Ng8 25. cxd6 cxd6 26. Nb6 Rcd8
27. Nca4 Bh6 28. Rc7 Bxa4 29. Nxa4 Rf7 30. Rxf7 Qxf7 31. Bxh6 Nxh6 32. Qe3 Ng8
33. Rc1 Qd7 34. Nb6 Qe7 35. Qc3 Ngf6 36. Qc7 Re8 37. Nc8 Qxc7 38. Rxc7 Rd8 39.
Nb6 Rb8 40. b5 Ne8 41. Rc3 axb5 42. Bxb5 Nhf6 43. Kf2 Kg7 44. Ke3 Kf7 45. f4
Ke7 46. fxe5 dxe5 47. Bxe8 Nxe8 48. Rc1 h5 49. Kf3 Rd8 50. g4 Kf6 51. gxh5 gxh5
52. Rh1 Ng7 53. Ke3 Kg5 54. Rg1+ Kf6 55. Nc4 Ra8 56. Rb1 Ra7 57. Rb6+ Ke7 58.
Nxe5 Rxa5 59. d6+ Ke8 60. d7+ Kd8 61. Kf4 Ra6 62. Rxb7 Ne6+ 63. Kf5 Ke7 64.
Ng6+ Kd8 65. Ne5 Ke7 66. Rb8 Nd8 67. Rb5 Nc6 68. Rd5 Nd8 69. Ng6+ Kf7 70. Ne5+
Ke7 71. Rb5 Nc6 72. Nxc6+ Rxc6 73. Rd5 Rf6+ 74. Kg5 Rf8 75. Kxh5 Rd8 76. Kg6
Rxd7 77. Rxd7+ Kxd7 78. Kf6 Kd8 79. e5 Ke8 80. Ke6 1-0

[Event "SR 4. liga A21 2010/2011"]
[Site "?"]
[Date "2010.11.21"]
[Round "4.1"]
[White "Harasta, Juraj"]
[Black "Nemeckayova, Monika"]
[Result "1/2-1/2"]
[WhiteElo "1706"]
[BlackElo "1808"]
[PlyCount "59"]
[EventDate "2010.??.??"]

1. e4 c5 2. Nf3 a6 3. d4 cxd4 4. Nxd4 Nf6 5. f3 Nc6 6. Be3 g6 7. c4 Bg7 8. Nc3
O-O 9. Be2 d6 10. O-O Ne8 11. b3 f5 12. Qd2 f4 13. Nxc6 bxc6 14. Bf2 Qa5 15.
Rac1 Qg5 16. Rfd1 Bh3 17. Bf1 h5 18. Kh1 Be6 19. Ne2 h4 20. h3 Nf6 21. Qxf4
Qxf4 22. Nxf4 Nxe4 23. Nxe6 Nxf2+ 24. Kg1 Nxd1 25. Nxf8 Bd4+ 26. Kh2 Rxf8 27.
Rxd1 Be5+ 28. Kh1 c5 29. Bd3 g5 30. Be4 1/2-1/2

[Event "SR 4. liga A21 2010/2011"]
[Site "?"]
[Date "2010.11.21"]
[Round "4.1"]
[White "Jarabek, Milan"]
[Black "Gasa, Patrik"]
[Result "0-1"]
[WhiteElo "1522"]
[BlackElo "1706"]
[PlyCount "48"]
[EventDate "2010.??.??"]

1. e4 c5 2. Nf3 Nc6 3. d4 cxd4 4. Nxd4 Nf6 5. Nc3 e5 6. Ndb5 d6 7. Bg5 a6 8.
Bxf6 gxf6 9. Na3 b5 10. Nd5 f5 11. Bd3 Be6 12. c3 Bg7 13. Qh5 Rc8 14. Nc2 fxe4
15. Bxe4 Ne7 16. Nce3 Nxd5 17. Nxd5 Rc4 18. Qf3 Qh4 19. Bd3 e4 20. g3 exf3 21.
gxh4 Bxd5 22. Bxc4 Bxc4 23. Rg1 Bh6 24. a3 Kd7 0-1

[Event "SR 4. liga A21 2010/2011"]
[Site "?"]
[Date "2010.11.21"]
[Round "4.1"]
[White "Nemeckay, Rastislav"]
[Black "Harasta, Marian"]
[Result "0-1"]
[WhiteElo "1770"]
[BlackElo "1663"]
[PlyCount "76"]
[EventDate "2010.??.??"]

1. e4 e5 2. Nf3 d6 3. d4 Bg4 4. dxe5 Bxf3 5. Qxf3 dxe5 6. Bc4 Nf6 7. O-O Bc5 8.
Bg5 Nbd7 9. Rd1 h6 10. Bh4 Qe7 11. Nc3 c6 12. Rd3 O-O 13. Rad1 Rad8 14. R1d2 b5
15. Bb3 Bd4 16. Bxf6 Qxf6 17. Ne2 c5 18. c4 a6 19. Qxf6 Nxf6 20. Ng3 Ng4 21.
Nh1 h5 22. h4 Kh7 23. Kf1 f5 24. Ng3 fxe4 25. Nxe4 Kh6 26. Ke1 Nxf2 27. Rxf2
Rxf2 28. Rxd4 Rxd4 29. Nxf2 bxc4 30. Bd1 Rxh4 31. Bf3 g5 32. Ne4 Rh1+ 33. Kd2
g4 34. Be2 Rg1 35. g3 h4 36. gxh4 g3 37. Ke3 g2 38. Kf2 Re1 0-1

[Event "SR 4. liga A21 2010/2011"]
[Site "?"]
[Date "2010.11.21"]
[Round "4.2"]
[White "Bjel, Tomas"]
[Black "Hanzluvka, Peter"]
[Result "0-1"]
[WhiteElo "1743"]
[BlackElo "1961"]
[PlyCount "50"]
[EventDate "2010.??.??"]

1. e4 c5 2. Nf3 d6 3. d4 cxd4 4. Nxd4 Nf6 5. Bd3 e6 6. O-O Be7 7. Kh1 a6 8. f4
Qc7 9. Nc3 b5 10. a3 Bb7 11. Qe1 Nc6 12. Nxc6 Qxc6 13. Qg3 h5 14. f5 h4 15. Qh3
exf5 16. Qxf5 Bc8 17. Qf2 h3 18. Nd5 hxg2+ 19. Qxg2 Nxd5 20. exd5 Qb7 21. Bg5
Bh3 22. Qe4 Bxf1 23. Rxf1 Kf8 24. Qe6 Bxg5 25. Bg6 Bf6 0-1

[Event "SR 4. liga A21 2010/2011"]
[Site "?"]
[Date "2010.11.21"]
[Round "4.2"]
[White "Madzo, Anton"]
[Black "Spacek, Marcel"]
[Result "1/2-1/2"]
[WhiteElo "1521"]
[BlackElo "1724"]
[PlyCount "80"]
[EventDate "2010.??.??"]

1. c4 Nf6 2. Nc3 e5 3. e4 Nc6 4. Nf3 Bc5 5. h3 O-O 6. d3 d6 7. Be2 Be6 8. Bg5
h6 9. Bh4 a5 10. a3 Qe7 11. Nd5 Bxd5 12. cxd5 Nd4 13. O-O c6 14. dxc6 bxc6 15.
Nxd4 Bxd4 16. Rb1 Rfb8 17. Qd2 Rb5 18. Rfc1 c5 19. Kh2 Rab8 20. Rc2 Qe6 21.
Bxf6 Qxf6 22. Bg4 Qf4+ 23. Qxf4 exf4 24. a4 Rb3 25. Rd2 Bc3 26. Rdd1 Rxb2 27.
Rxb2 Rxb2 28. f3 Rb7 29. Rc1 Be5 30. Bc8 Rb3 31. Ba6 g5 32. Bc4 Rb4 33. Bb5 Kg7
34. Rd1 Kg6 35. Be8 Bc3 36. Rc1 Bd2 37. Rd1 Be3 38. Rf1 Rb3 39. Bb5 Kf6 40. Bc4
Rb4 1/2-1/2

[Event "SR 4. liga A21 2010/2011"]
[Site "?"]
[Date "2010.11.21"]
[Round "4.2"]
[White "Pericka, Tomas"]
[Black "Lajda, Dusan"]
[Result "0-1"]
[WhiteElo "1966"]
[BlackElo "1890"]
[PlyCount "64"]
[EventDate "2010.??.??"]

1. c4 c5 2. Nc3 Nf6 3. g3 d6 4. Bg2 g6 5. Nf3 Bg7 6. O-O Nc6 7. d4 cxd4 8. Nxd4
Bd7 9. b3 O-O 10. Bb2 Re8 11. e3 Rc8 12. Rc1 a6 13. Qd2 b6 14. Nde2 Rf8 15. Nf4
Ne5 16. Ncd5 Ne8 17. Bd4 Rb8 18. Rfd1 Bg4 19. Re1 Nf3+ 20. Bxf3 Bxf3 21. e4 e5
22. Bxb6 Rxb6 23. Nxb6 Qxb6 24. Nd5 Qd8 25. Re3 Bh6 26. Qd3 Bxe3 27. Qxe3 Bg4
28. Qa7 Qd7 29. Qxa6 Bf3 30. Qb5 Qh3 31. Ne3 Nf6 32. c5 Ng4 0-1

[Event "SR 4. liga A21 2010/2011"]
[Site "?"]
[Date "2010.11.21"]
[Round "4.2"]
[White "Skapik, Branislav"]
[Black "Bjel, Lubos"]
[Result "1-0"]
[WhiteElo "1887"]
[BlackElo "1665"]
[PlyCount "79"]
[EventDate "2010.??.??"]

1. e4 e6 2. d4 d5 3. Nd2 Nf6 4. e5 Nfd7 5. f4 c5 6. c3 Nc6 7. Ndf3 cxd4 8. cxd4
Qa5+ 9. Bd2 Bb4 10. a3 Bxd2+ 11. Qxd2 Qxd2+ 12. Kxd2 Na5 13. Ke3 Nb6 14. Nd2
Bd7 15. Rc1 Rc8 16. Rxc8+ Bxc8 17. Bd3 Nac4+ 18. Bxc4 Nxc4+ 19. Nxc4 dxc4 20.
Ne2 b5 21. Nc3 a6 22. Rd1 Bb7 23. g4 Bd5 24. f5 O-O 25. Kf4 g6 26. f6 h6 27. h4
Rd8 28. Ke3 Kf8 29. Ne4 Bxe4 30. Kxe4 Rd5 31. Rc1 Ke8 32. a4 Kd7 33. axb5 Rxb5
34. Rxc4 Rxb2 35. Ra4 Rb6 36. Ra5 Kc6 37. Kd3 Kb7 38. d5 exd5 39. Rxd5 Kc6 40.
Rd6+ 1-0

[Event "SR 4. liga A21 2010/2011"]
[Site "?"]
[Date "2010.11.21"]
[Round "4.2"]
[White "Smrek, Peter"]
[Black "Spacek, Oliver"]
[Result "1/2-1/2"]
[WhiteElo "1882"]
[BlackElo "1887"]
[PlyCount "101"]
[EventDate "2010.??.??"]

1. Nf3 Nf6 2. g3 d5 3. Bg2 g6 4. d4 Bg7 5. O-O O-O 6. Nc3 c6 7. Ne1 e5 8. dxe5
Ng4 9. Nd3 Nxe5 10. Bf4 Nbd7 11. Qd2 Re8 12. Rae1 Qb6 13. Na4 Qb5 14. b3 f5 15.
Nab2 Qb6 16. c4 dxc4 17. Nxe5 c3 18. Qxc3 Nxe5 19. Nc4 Nxc4 20. Qxc4+ Be6 21.
Qc2 Rad8 22. Rd1 Rxd1 23. Rxd1 Rd8 24. Bg5 Rxd1+ 25. Qxd1 Kf7 26. Qd6 Bf8 27.
Qb8 Be7 28. Be3 Qa6 29. Qxa7 Qxa7 30. Bxa7 Bf6 31. Kf1 Ke7 32. Bc5+ Kd7 33. e3
Kc7 34. Ke2 b6 35. Bd4 Be7 36. Kd3 Bd6 37. f4 b5 38. e4 c5 39. e5 c4+ 40. bxc4
Bxc4+ 41. Kc3 Ba3 42. Kc2 Bxa2 43. Bb2 Bc5 44. Bf1 Bg1 45. h3 Bh2 46. Bxb5 Bxg3
47. Bc1 g5 48. fxg5 Bxe5 49. Bd3 Be6 50. h4 Kd6 51. Be3 1/2-1/2

[Event "SR 4. liga A21 2010/2011"]
[Site "?"]
[Date "2010.11.21"]
[Round "4.3"]
[White "Drabek, Martin"]
[Black "Oravec, Pavol"]
[Result "1/2-1/2"]
[WhiteElo "1499"]
[BlackElo "1373"]
[PlyCount "76"]
[EventDate "2010.??.??"]

1. e4 e6 2. Nf3 d5 3. exd5 exd5 4. d4 Nf6 5. h3 Bd6 6. Bg5 O-O 7. Nc3 c6 8. Be2
Bf5 9. O-O Nbd7 10. Re1 Qc7 11. Bd3 Bg6 12. Nh4 Rfe8 13. Nxg6 Rxe1+ 14. Qxe1
hxg6 15. Qd2 Re8 16. g3 Bb4 17. a3 Bxc3 18. Qxc3 Ne4 19. Bxe4 Rxe4 20. Re1 Nf6
21. Bxf6 Rxe1+ 22. Qxe1 gxf6 23. Qb4 Kg7 24. Kg2 f5 25. f4 Kf6 26. Qe1 Qe7 27.
Qxe7+ Kxe7 28. Kf3 Kf6 29. c3 a5 30. a4 Ke6 31. Ke3 Kd6 32. b3 b6 33. Kd3 c5
34. c4 Kc6 35. Kc3 Kd6 36. Kd3 Ke6 37. Kc3 Kd6 38. Kd3 Ke6 1/2-1/2